Catálogo público

Nutrición de cultivos / (Record no. 220906)

MARC details
000 -CABECERA
campo de control de longitud fija 04993nam a2200397 a 4500
003 - IDENTIFICADOR DEL NÚMERO DE CONTROL
campo de control CHAP
005 - FECHA Y HORA DE LA ÚLTIMA TRANSACCIÓN
campo de control 20260317140547.0
008 - DATOS DE LONGITUD FIJA--INFORMACIÓN GENERAL
campo de control de longitud fija 250924s2012 mx adk r 000 0 spa d
020 ## - NÚMERO INTERNACIONAL ESTÁNDAR DEL LIBRO
Número Internacional Estándar del Libro 978-968-7462-48-6
040 ## - FUENTE DE LA CATALOGACIÓN
Centro/agencia transcriptor CHAP
Normas de descripción rda
Centro catalogador/agencia de origen PA
041 ## - CÓDIGO DE LENGUA
Código de lengua del texto/banda sonora o título independiente spa
Código de lengua del sumario o resumen spa
Código de lengua de la tabla de contenido spa
Código de lengua original spa
082 ## - NÚMERO DE LA CLASIFICACIÓN DECIMAL DEWEY
Número de clasificación PA 581.13
Número de documento/Ítem .N88 2012
245 ## - MENCIÓN DE TÍTULO
Título Nutrición de cultivos /
Mención de responsabilidad, etc. coordinadores Gabriel Alcántar González, Libia Trejo Tellez
250 ## - MENCIÓN DE EDICIÓN
Mención de edición Reedición
264 ## - PRODUCCIÓN, PUBLICACIÓN, DISTRIBUCIÓN, FABRICACIÓN Y COPYRIGHT
Producción, publicación, distribución, fabricación y copyright México :
Nombre del de productor, editor, distribuidor, fabricante Colegio de Postgraduados,
Fecha de producción, publicación, distribución, fabricación o copyright 2012
300 ## - DESCRIPCIÓN FÍSICA
Extensión 451 p.
Otras características físicas Ilustraciones, gráficas, formularios
336 ## - TIPO DE CONTENIDO
Fuente rdacontent
Término de tipo de contenido texto
Código de tipo de contenido txt
337 ## - TIPO DE MEDIO
Fuente rdamedia
Nombre/término del tipo de medio sin medio
Código del tipo de medio n
338 ## - TIPO DE SOPORTE
Fuente rdacarrier
Nombre/término del tipo de soporte volumen
Código del tipo de soporte nc
490 1# - MENCIÓN DE SERIE
Mención de serie Biblioteca básica de agricultura
504 ## - NOTA DE BIBLIOGRAFÍA, ETC.
Nota de bibliografía, etc. Incluye referencias bibliográficas e índice
505 ## - NOTA DE CONTENIDO CON FORMATO
Nota de contenido con formato Prólogo: Notas aclaratorias.-- 1. Introducción.-- 1.1. Desarrollo histórico en el mundo.-- 1.2. Desarrollo histórico en México.-- 1.3. Bibliografía.-- 2. Elementos esenciales.-- 2.1. Contenido de agua y nutrimentos en el tejido vegetal.-- 2.2. Criterios establecidos para definir a un elemento como esencial (Criterios de esencialidad de Arnon y Stout).-- 2.3. Clasificación de los nutrimentos.-- 2.4. Funciones de los nutrimentos en las plantas.-- 2.5. Niveles de abastecimiento nutrimental.-- 2.6. Bibliografía.-- 3. Elementos benéficos.-- 3.1. Sodio (Na).-- 3.2. Silicio (Si).-- 3.3. Cobalto (Co).-- 3.4. Aluminio (Al).-- 3.5. Selenio (Se).-- 3.6. Yodo (I).-- 3.7. Vanadio (V).-- 3.8. Bibliografía.-- 4. El suelo como medio natural en la nutrición de los cultivos.-- 4.1. Introducción.-- 4.2. Nitrógeno.-- 4.3. Fósforo.-- 4.4. Potasio.-- 4.5. Calcio.-- 4.6. Magnesio.-- 4.7. Azufre.-- 4.8. Hierre.-- 4.9. Zic.-- 4.10. Cobre.-- 4.11. Manganeso.-- 4.12. Boro.-- 4.13. Molibdeno.-- 4.14. Cloro.-- 4.15. Níquel.-- 4.16. Bibliografía.-- 5. Acceso, absorción y transporte nutrimental.-- 5.1. Acceso nutrimental.-- 5.2. Absorción nutrimental.-- 5.3. Transporte nutrimental.-- 5.4. Bibliografía.-- 6. Diagnóstico nutrimental en plantas.-- 6.1. Introducción.-- 6.2. Diagnóstico visual.-- 6.3. Diagnóstico químico.-- 6.4. Diagnóstico funcional.-- 6.5. Bibliografía.-- 7. Diagnóstico de la fertilidad del suelo.-- 7.1. Introducción 7.2. Muestreo de suelos para estudios de fertilidad.-- 7.3. Análisis químico de suelos.-- 7.4. Recomendaciones de fertilización.-- 7.5. Bibliografía.-- 8. Corrección de deficiencias nutrimentales en el suelo.-- 8.1. Introducción.-- 8.2. Fertilizantes nitrogenados.-- 8.3. Fertilizantes Fosfatados.-- 8.4. Fertilizantes fosfatados.-- 8.5. Proveedores de nutrimentos secundarios.-- 8.6. Corrección de deficiencias de micronutrimentos en el suelo.-- 8.7. Bibliografía.-- 9. Fertilización foliar.-- 9.1. La hoja como órgano de absorción.-- 9.2.Morfología de la hoja.-- 9.3. Anatomía de la lámina foliar.-- 9.4 Rutas y mecanismos de penetración foliar.-- 9.5. Factores que afectan la absorción foliar.-- 9.6. Algunas aplicaciones de la fertilización foliar.-- 9.7. Limitaciones de la fertilización foliar.-- Bibliografía.-- 10. Principios de la hidroponía y del fertirriego.-- 10.1. Desarrollo de la hidroponía en México.-- 10.2. Retrospectiva de los cultivos hidropónicos.-- 10.3. Cultivos hidropónicos.-- 10.4. Principales sistemas hidropónicos.-- 10.5. Fertirriego por goteo.-- 10.6. Situación actual, problemática y tendencias futuras.-- 10.7. Bibliografía.-- 11. Apéndice a color.-- Acerca de los autores.
520 ## - SUMARIO, ETC.
Sumario, etc. La producción de cultivos es un proceso directamente relacionado con la nutrición vegetal y la fertilidad de los suelos, cuando otros factores que la afectan son favorables y razonablemente constantes en el sistema de producción. Este libro de nutrición vegetal expone temas que permiten al lector comprender, en 10 capítulos escritos por diversos especialistas, desde los conceptos fundamentales de los elementos esenciales y benéficos hasta el diagnóstico nutrimental de la planta y del suelo, pasando por la dinámica de los nutrimentos en el suelo, los mecanismos de acceso, y sus formas de absorción y transporte en la planta. La obra incluye dos apartados referentes a los procedimientos de corrección de deficiencias nutrimentales mediante la aplicación de fertilizantes al suelo y al follaje, y finaliza con una descripción básica de la hidroponía y el fertirriego, temas para cuyo dominio se requeriría otro volumen de igual amplitud.
534 ## - NOTA SOBRE LA VERSIÓN ORIGINAL
Frase introductoria Título original:
650 ## - PUNTO DE ACCESO ADICIONAL DE MATERIA--TÉRMINO DE MATERIA
Término de materia o nombre geográfico como elemento de entrada Cultivos
Subdivisión general mejoramiento
9 (RLIN) 30293
650 ## - PUNTO DE ACCESO ADICIONAL DE MATERIA--TÉRMINO DE MATERIA
Término de materia o nombre geográfico como elemento de entrada Cultivos
Subdivisión general rendimiento
9 (RLIN) 30318
650 ## - PUNTO DE ACCESO ADICIONAL DE MATERIA--TÉRMINO DE MATERIA
Término de materia o nombre geográfico como elemento de entrada Fertilizantes
9 (RLIN) 40447
700 ## - PUNTO DE ACCESO ADICIONAL--NOMBRE DE PERSONA
Nombre de persona Alcántar González, Gabriel, coord.
9 (RLIN) 174609
700 1# - PUNTO DE ACCESO ADICIONAL--NOMBRE DE PERSONA
Nombre de persona Trejo Téllez, Libia I.
Término indicativo de función/relación coordinador
9 (RLIN) 174610
942 ## - ELEMENTOS DE PUNTO DE ACCESO ADICIONAL (KOHA)
Tipo de ítem Koha Libro
Fuente del sistema de clasificación o colocación Dewey Decimal Classification
260 ## - PUBLICACIÓN, DISTRIBUCIÓN, ETC.
Lugar de publicación, distribución, etc. México :
Nombre del editor, distribuidor, etc. Colegio de Postgraduados :
-- Mundi Prensa
901 ## - ELEMENTOS DE DATOS A LOCAL LDA (RLIN)
a PA 581.13 N88
902 ## - ELEMENTOS DE DATOS B LOCAL, LDB (RLIN)
a M
905 ## - ELEMENTOS DE DATOS E LOCAL, LDE (RLIN)
a 5231272009 mx amn 8112223321spa11
910 ## - DATOS DE OPCIÓN DEL USUARIO (OCLC)
Datos de opción del usuario 2009
Holdings
Estado de retiro Estado de pérdida Fuente del sistema de clasificación o colocación Estado dañado No para préstamo Localización permanente Ubicación/localización actual Fecha de adquisición Total de préstamos Renovaciones totales Signatura topográfica completa Código de barras En préstamo Fecha visto por última vez Fecha del último préstamo Precio válido a partir de Tipo de ítem Koha
    Dewey Decimal Classification     Parasitologia Agricola Parasitologia Agricola 24/09/2025 1 2 PA 581.13 .N88 2012 4102004157 27/04/2026 15/04/2026 15/04/2026 24/09/2025 Libro